| 000 | 00823nam a2200217 i 4500 | ||
|---|---|---|---|
| 001 | 188512 | ||
| 003 | ES-MaACL | ||
| 005 | 20250912063057.0 | ||
| 008 | 181212s1965 sp |||| | spa d | ||
| 100 | 1 |
_aSánchez de Zavala, Víctor, _d1926-1996 _9102601 |
|
| 245 | 1 | 0 |
_aEnseñar y aprender / _cVíctor Sánchez de Zavala ; carta-envío de Rafael Sánchez Ferlosio ; prólogo de José Luis L. Aranguren. |
| 260 |
_aMadrid : _bPenínsula, _c1965. |
||
| 300 |
_a242 p. ; _c18 cm. |
||
| 490 | 1 |
_aColección Ibérica ; _v6 |
|
| 650 | 4 |
_aEducación- _xFilosofía. _912079 |
|
| 700 | 1 |
_aSánchez Ferlosio, Rafael, _d1927-2019 _9102633 |
|
| 700 | 1 |
_aAranguren, José Luis L., _d1909-1996 _922315 |
|
| 830 | 0 |
_aColección ibérica (Península) _v6 _9179423 |
|
| 852 |
_aES-MaACL _jP-137-bis-5 |
||
| 999 |
_c188512 _d188512 |
||